Correlated photons and theor application (Record no. 57926)
[ view plain ]
| 000 -LEADER | |
|---|---|
| fixed length control field | 00251nam a22001097a 4500 |
| 082 ## - DEWEY DECIMAL CLASSIFICATION NUMBER | |
| Classification number | 004.076PYL |
| 100 ## - MAIN ENTRY--AUTHOR NAME | |
| Personal name | Samartsev V V |
| 245 ## - TITLE STATEMENT | |
| Title | Correlated photons and theor application |
| 260 ## - PUBLICATION, DISTRIBUTION, ETC. (IMPRINT) | |
| Place of publication | New Delhi |
| Name of publisher | Viva Book |
| Year of publication | 2016 |
| 300 ## - PHYSICAL DESCRIPTION | |
| Number of Pages | 174 |
| 942 ## - ADDED ENTRY ELEMENTS (KOHA) | |
| Koha item type | Books |
| Withdrawn status | Lost status | Home library | Current library | Date acquired | Cost, normal purchase price | Full call number | Accession Number | Koha item type |
|---|---|---|---|---|---|---|---|---|
| Central Library, QUEST, Nawabshah | Central Library, QUEST, Nawabshah | 20/09/2017 | 2885.00 | 004.076PYL | 56474 | Books |